| 000 | 01515nam a2200337 c 4500 | ||
|---|---|---|---|
| 999 |
_c60157 _d60157 |
||
| 003 | BLK | ||
| 005 | 20231104160030.0 | ||
| 008 | 180408b bul|||||r ||||||| ||bul|| | ||
| 010 | _aKNG00064294000 | ||
| 040 | _aBLK | ||
| 041 |
_aBUL _cBUL |
||
| 080 |
_aУлично и пътно движение. Безопасност на движението _b656.11 _x(075.3) _z656.11(075.3) |
||
| 100 | 1 |
_aПавлов, Ангел И. _eпърви автор _9289684 |
|
| 139 |
_aБезопасно движение по пътищата _bБ 32 |
||
| 245 | 1 | 0 |
_aБезопасно движение по пътищата _bУчебник за ЕСПУ, СПТУ и курсовете за подготовка на водачи на МПС _cАнгел И. Павлов. |
| 257 | _aBGR | ||
| 260 |
_bТехника _c1983 _fВраца : В. Александров _aСофия |
||
| 300 |
_a351 с. _bсъс сх., табл., ил. _c22 см |
||
| 380 | _a62 | ||
| 500 | _aДруги авт. В. С. Пенчев, Хр. А. Запрянов, Л. Б. Христов. - 30 000 тир. - Библиогр. с. 347. | ||
| 650 | 4 |
_aАвтомобилен транспорт - безопасност на движението _9259855 |
|
| 653 | _aтранспорт | ||
| 653 | _aбезопасност на движението | ||
| 852 | _aЦб 122509 | ||
| 856 | 4 | _qpdf | |
| 856 | 4 | _qpdf | |
| 942 |
_cKNG _n0 _s1 _01 |
||
| 944 |
_aCR _c13.06.2004 _k30563 _lИвелин Русев |
||
| 944 |
_aED _c29.05.2012 |
||
| 999 | _d60157 | ||